Catálogo
 En Linea
Vista normal Vista MARC

Entrada Nombre personal

Número de registros utilizados en: 12

001 - NÚMERO DE CONTROL

  • campo de control: 22114

003 - IDENTIFICADOR DEL NÚMERO DE CONTROL

  • campo de control: BNPHU

005 - FECHA Y HORA DE LA ÚLTIMA TRANSACCIÓN

  • campo de control: 20240226143435.0

008 - DATOS DE LONGITUD FIJA

  • campo de control de longitud fija: 200615|| aca||aabn | a|a d

040 ## - FUENTE DE LA CATALOGACIÓN

  • Centro catalogador/agencia de origen: DO-SdBNP
  • Lengua de catalogación: spa
  • Centro/agencia transcriptor: BNPHU
  • Normas de descripción: rda

100 1# - ENCABEZAMIENTO-NOMBRE DE PERSONA

  • Nombre de persona: Díaz, Vigil,
  • Fechas asociadas al nombre: 1880-1961

400 1# - TRAZADO DE VÉASE--NOMBRE DE PERSONA

  • Nombre de persona: Vigil Díaz, Otilio Andrés Marcelino Celestino,
  • Fechas asociadas al nombre: 1880-1961

670 ## - FUENTE DE DATOS ENCONTRADOS

  • Cita de la fuente: Díaz, Vigil, 1880-1961, Obras /, 2000.

Con tecnología Koha